000 00800nam a22002177i 4500
001 IT\ICCU\UBO\3312034
003 ItRI
005 20260115232141.0
008 071031s2007 it |||||| ||||| |||||c
020 _a9788874711772
040 _bita
_cimportazione bologna sebina
041 7 _aita
_2ISO-639-2
100 1 _aDe Giovanni, Massimiliano
_0IT\ICCU\UBOV\483808
_4aut
240 1 0 _aMatteo e Enrico : graphic novel
_3IT\ICCU\UBO\4456694
_9De Giovanni, Massimiliano
245 1 0 _aMatteo e Enrico :
_bgraphic novel /
_cMassimiliano De Giovanni, Andrea Accardi.
260 _aBolologna :
_bKappa,
_cc2007
300 _a209 p. :
_bin gran parte ill. ;
_c21 cm.
700 1 _aAccardi, Andrea,
_d (1968- )
_0IT\ICCU\RAVV\109153
_4aut
830 0 _aMondo naif
_0IT\ICCU\REA\0045134
942 _2ddc
_cBK
_n0
999 _c17875
_d17875